[Event "Guben op 11th"]
[Site "Guben"]
[Date "2008.01.07"]
[Round "8"]
[White "Kleinert, Juergen"]
[Black "Fruebing, Thomas"]
[Result "1/2-1/2"]
[WhiteElo "2056"]
[BlackElo "2240"]
[PlyCount "27"]
[EventDate "2008.01.02"]
[EventType "swiss"]
[EventRounds "9"]
[EventCountry "GER"]
[SourceTitle "CBM 122 Extra"]
[Source "ChessBase"]
[SourceDate "2008.03.04"]
[SourceVersion "1"]
[SourceVersionDate "2008.03.04"]
[SourceQuality "1"]

1. e4 e6 2. d4 d5 3. Nc3 Bb4 4. exd5 exd5 5. Bd3 Nc6 6. Nge2 Nge7 7. a3 Ba5 8. Bg5 h6 9. Bh4 Be6 10. Bb5 a6 11. Bxc6+ bxc6 12. b4 Bb6 13. Na4 g5 14. Bg3 1/2-1/2

[Event "Merano Gold Cup 35th"]
[Site "Merano"]
[Date "2007.04.27"]
[Round "8"]
[White "Muscolino, Attilio"]
[Black "Fruebing, Thomas"]
[Result "0-1"]
[WhiteElo "2122"]
[BlackElo "2251"]
[PlyCount "72"]
[EventDate "2007.04.20"]
[EventType "swiss"]
[EventRounds "9"]
[EventCountry "ITA"]
[SourceTitle "EXT 2008"]
[Source "ChessBase"]
[SourceDate "2007.11.25"]
[SourceVersion "1"]
[SourceVersionDate "2007.11.25"]
[SourceQuality "1"]

1. e4 e6 2. d4 d5 3. e5 c5 4. c3 Nc6 5. Nf3 Nge7 6. Be2 Nf5 7. 0-0 cxd4 8. g4 Nh4 9. cxd4 Nxf3+ 10. Bxf3 Qb6 11. Be3 Qxb2 12. Nd2 Qa3 13. Qe2 Be7 14. Rfb1 Bd8 15. Rb3 Qe7 16. Qf1 Qh4 17. Qg2 0-0 18. Be2 f5 19. gxf5 Nxd4 20. Bxd4 Qxd4 21. f6 Bxf6 22. Rd1 Qxe5 23. Re3 Qc7 24. Bd3 Qf7 25. Kh1 e5 26. Bc2 e4 27. Nxe4 dxe4 28. Bxe4 Qh5 29. Rd5 Qh6 30. Qf3 Bg5 31. Rxg5 Qxg5 32. Bd5+ Be6 33. Bxe6+ Kh8 34. Qe2 Rf6 35. Rg3 Qc1+ 36. Kg2 Qc6+ 0-1

[Event "Merano Gold Cup 35th"]
[Site "Merano"]
[Date "2007.04.22"]
[Round "3"]
[White "Fruebing, Thomas"]
[Black "Pohle, Dirk"]
[Result "1/2-1/2"]
[WhiteElo "2251"]
[BlackElo "2088"]
[PlyCount "104"]
[EventDate "2007.04.20"]
[EventType "swiss"]
[EventRounds "9"]
[EventCountry "ITA"]
[SourceTitle "EXT 2008"]
[Source "ChessBase"]
[SourceDate "2007.11.25"]
[SourceVersion "1"]
[SourceVersionDate "2007.11.25"]
[SourceQuality "1"]

1. e4 c5 2. c3 e6 3. d4 d5 4. exd5 exd5 5. Be3 cxd4 6. Bxd4 Nf6 7. Nf3 Be7 8. Bd3 Nc6 9. Nbd2 Bg4 10. Qb3 0-0 11. 0-0 b6 12. Qa4 Bd7 13. Qc2 h6 14. Ne5 Rc8 15. Nxc6 Bxc6 16. Bf5 Rc7 17. Rfe1 Bd6 18. Re2 Re8 19. Rxe8+ Nxe8 20. Nf3 Re7 21. Bh7+ Kf8 22. Bd3 Qc7 23. g3 Bc5 24. Qd2 Bd7 25. Re1 Bxd4 26. Nxd4 Re5 27. Nf3 Rxe1+ 28. Qxe1 Qd6 29. Nd4 Nf6 30. Bf5 Be8 31. Bh3 g6 32. Qe3 Kg7 33. a3 Ba4 34. Bg2 Bd7 35. Nf3 Bf5 36. Qe5 Qxe5 37. Nxe5 Kf8 38. Kf1 a5 39. Ke2 Ke7 40. Ke3 Be6 41. Kd4 Kd6 42. h4 Ng8 43. Bf1 Ne7 44. Bd3 g5 45. hxg5 hxg5 46. f4 f6 47. Nf3 gxf4 48. gxf4 Bf5 49. Bb5 Be4 50. Nh4 Nc8 51. Bd3 Bxd3 52. Kxd3 Ne7 1/2-1/2

[Event "Merano Gold Cup 35th"]
[Site "Merano"]
[Date "2007.04.20"]
[Round "1"]
[White "Fruebing, Thomas"]
[Black "Kelbratowski, Konrad"]
[Result "1-0"]
[WhiteElo "2251"]
[BlackElo "1959"]
[PlyCount "49"]
[EventDate "2007.04.20"]
[EventType "swiss"]
[EventRounds "9"]
[EventCountry "ITA"]
[SourceTitle "EXT 2008"]
[Source "ChessBase"]
[SourceDate "2007.11.25"]
[SourceVersion "1"]
[SourceVersionDate "2007.11.25"]
[SourceQuality "1"]

1. e4 c6 2. d4 d5 3. e5 c5 4. dxc5 Nc6 5. Nf3 Bg4 6. Bb5 a6 7. Bxc6+ bxc6 8. Be3 Qb8 9. Nbd2 Qxb2 10. 0-0 e6 11. c4 Qa3 12. Qb3 Qxb3 13. axb3 Ne7 14. Nd4 Nf5 15. Nxf5 Bxf5 16. Ra5 Bd3 17. Rfa1 dxc4 18. bxc4 Be7 19. Rxa6 Rc8 20. R1a3 Be2 21. Ra7 Bd8 22. f3 0-0 23. Kf2 Bd1 24. Rc3 Rc7 25. Ra1 1-0

[Event "Berlin-ch"]
[Site "Berlin"]
[Date "2007.04.11"]
[Round "6"]
[White "Niehaus, Frank"]
[Black "Fruebing, Thomas"]
[Result "1/2-1/2"]
[WhiteElo "2215"]
[BlackElo "2251"]
[PlyCount "68"]
[EventDate "2007.04.06"]
[EventType "swiss"]
[EventRounds "9"]
[EventCountry "GER"]
[SourceTitle "CBM 117 Extra"]
[Source "ChessBase"]
[SourceDate "2007.05.09"]
[SourceVersion "1"]
[SourceVersionDate "2007.05.09"]
[SourceQuality "1"]

1. e4 e6 2. d4 d5 3. Bd3 dxe4 4. Bxe4 Nf6 5. Bf3 c5 6. Ne2 Nc6 7. Be3 Nd5 8. 0-0 Nxe3 9. fxe3 Qg5 10. Qd3 Nb4 11. Qb5+ Bd7 12. Qxb7 Qxe3+ 13. Kh1 Rd8 14. Na3 Be7 15. Nc4 Qg5 16. Ne5 f6 17. Nxd7 Rxd7 18. Qc8+ Bd8 19. dxc5 Qe5 20. Rad1 Qc7 21. Qxd7+ Qxd7 22. Rxd7 Kxd7 23. Rd1+ Kc8 24. c3 Na6 25. c6 Bb6 26. Nf4 Re8 27. Nxe6 g6 28. Nf4 Nc5 29. Nd5 Nd3 30. Nxb6+ axb6 31. Kg1 Nxb2 32. Rd7 Nc4 33. Rxh7 Ne5 34. Bd5 Ng4 1/2-1/2

[Event "Berlin Hellersdorf Winter 4th"]
[Site "Berlin"]
[Date "2007.03.04"]
[Round "5"]
[White "Pueschel, Werner"]
[Black "Fruebing, Thomas"]
[Result "1/2-1/2"]
[WhiteElo "2187"]
[BlackElo "2251"]
[PlyCount "84"]
[EventDate "2007.03.02"]
[EventType "swiss"]
[EventRounds "5"]
[EventCountry "GER"]
[SourceTitle "EXT 2022"]
[Source "ChessBase"]
[SourceDate "2021.10.06"]
[SourceVersion "1"]
[SourceVersionDate "2021.10.06"]
[SourceQuality "1"]

1. c3 b6 2. d3 Bb7 3. Nf3 e6 4. Nbd2 d5 5. g3 Be7 6. Bg2 Nd7 7. Qa4 c6 8. 0-0 Qc7 9. e4 Nc5 10. Qc2 Ba6 11. c4 dxc4 12. dxc4 e5 13. b4 Ne6 14. Qa4 Bb7 15. Bb2 Bf6 16. Nb3 Ne7 17. Rfd1 0-0 18. c5 Ng6 19. Bh3 Rfe8 20. Rd3 Red8 21. Rad1 Rxd3 22. Rxd3 Nef8 23. Bc3 Qe7 24. Qa3 h5 25. Qb2 a5 26. bxa5 b5 27. Qd2 h4 28. Rd6 hxg3 29. hxg3 Qc7 30. Bf5 Bc8 31. Qb2 Be7 32. Rd1 f6 33. Kg2 Nh8 34. Bb4 Be6 35. Bxe6+ Nxe6 36. Rd3 Ng6 37. Kf1 Qc8 38. Qd2 Nef4 39. gxf4 Qh3+ 40. Kg1 Qg4+ 41. Kf1 Qh3+ 42. Kg1 Qg4+ 1/2-1/2